000 00572cam a2200193 4500500
005 20260329001735.0
041 _afre
042 _adc
100 1 0 _aLegros, Martin
_eauthor
245 0 0 _aLe capitalisme corrompt-il le sens moralĀ ?
260 _c2009.
500 _a84
690 _aBaghwati
690 _aCapitalisme
690 _aGray
690 _aMichael Walzer
786 0 _nPhilosophie magazine | 26 | 2 | 2009-02-01 | p. 7-7 | 1951-1787
856 4 1 _uhttps://shs.cairn.info/magazine-philosophie-magazine-2009-2-page-7?lang=fr&redirect-ssocas=7080
999 _c1808195
_d1808195